Sanskrit words in southeast Asian languages / (Record no. 41605)

MARC details
000 -LEADER
fixed length control field 00833nam a22002177a 4500
005 - DATE AND TIME OF LATEST TRANSACTION
control field 20100813104517.0
010 ## - LCCN (DPL NO)
LC control number ENG-100176
020 ## - INTERNATIONAL STANDARD BOOK NUMBER
International Standard Book Number 8170342624
Terms of availability 850.00
035 ## - SYSTEM CONTROL NUMBER
System control number EN-83708
037 ## - SOURCE OF ACQUISITION
Source of stock number/acquisition DBAD/PUB
082 ## - DEWEY DECIMAL CLASSIFICATION NUMBER
Classification number 410
100 ## - MAIN ENTRY--PERSONAL NAME
Personal name Somaiya, Shantilal K.
245 ## - TITLE STATEMENT
Title Sanskrit words in southeast Asian languages /
Remainder of title by Shantilal K. Somaiya ; edited by Satya Vrat Shastri..[et.al.]
260 ## - PUBLICATION, DISTRIBUTION, ETC. (IMPRINT)
Place of publication, distribution, etc New Delhi
Name of publisher, distributor, etc Somaiya publications
Date of publication, distribution, etc 2005
270 ## - ADDRESS
Address 6thFloo, Bank of Baroda Building Parliament Street
City New Delhi
Postal code 110001
300 ## - PHYSICAL DESCRIPTION
Extent xxii, 720 p.
Dimensions 21cm (Pbk)
650 ## - SUBJECT ADDED ENTRY--TOPICAL TERM
Topical term or geographic name as entry element Sanskrit languge
Form subdivision Foreign word & phrase
700 ## - ADDED ENTRY--PERSONAL NAME
Personal name Shastr, Satya Vrat
9 (RLIN) 12574
942 ## - ADDED ENTRY ELEMENTS (KOHA)
Source of classification or shelving scheme Dewey Decimal Classification
Item type English Books
Classification part 410
Call number suffix SOM
Holdings
Withdrawn status Lost status Not for loan Collection code Home library Current library Date acquired Cost, normal purchase price Full call number Barcode Copy number Cost, replacement price Koha item type
    Not For Loan Non-fiction D.B.Act.Division D.B.Act.Division 13/08/2010 850.00 410 SOM EN-83708 1 850.00 English Books

© Delhi Public Library
Hit Counter
free hit counter